000 00343 a2200157 4500
001 58114
020 _a
040 _cAnchieta - Pituba
100 _aPaiva, José Rodrigues de
240 1 0 _aOs frutos do silêncio
_lpor
245 1 0 _aOs frutos do silêncio
300 _a88
362 0 _a1980
650 4 _aPoesia brasileira
942 _cBK
999 _c58114
_d58114